[Event "Udaipur Pandiyar op 8th"]
[Site "Udaipur"]
[Date "2023.10.16"]
[Round "4"]
[White "Raj, D Vyas"]
[Black "Sanyam, Srivastava"]
[Result "1-0"]
[WhiteElo "1828"]
[BlackElo "1513"]
[PlyCount "125"]
[EventDate "2023.10.15"]
[EventType "swiss"]
[EventRounds "9"]
[EventCountry "IND"]
[SourceTitle "Mega2024 Update 01"]
[Source "Chessbase"]
[SourceDate "2023.11.12"]
[SourceVersion "1"]
[SourceVersionDate "2023.11.12"]
[SourceQuality "1"]

1. e4 e5 2. d4 exd4 3. c3 d3 4. Bxd3 Nc6 5. Nf3 d6 6. h3 Nf6 7. Bf4 Be7 8. 0-0 0-0 9. Nbd2 Re8 10. Qc2 Bf8 11. Rad1 g6 12. Rfe1 Bg7 13. Nb3 Nh5 14. Bg5 f6 15. Bc1 Ne5 16. Be2 Bf8 17. Nxe5 fxe5 18. Bxh5 gxh5 19. Qe2 Qh4 20. Rd3 Re6 21. Bg5 Qxg5 22. Rg3 Rg6 23. Rxg5 Rxg5 24. Qc4+ Kh8 25. Re3 Rg7 26. Rf3 Bd7 27. Rf7 b5 28. Qd5 c6 29. Rxf8+ Rxf8 30. Qxd6 Re8 31. Kf1 Re6 32. Qf8+ Rg8 33. Qf7 Rg7 34. Qxh5 Reg6 35. Nc5 Be6 36. Qxe5 Bc4+ 37. Ke1 Rxg2 38. Ne6 Bxe6 39. Qxe6 R2g6 40. Qe5 h6 41. h4 Kh7 42. Qf5 Kg8 43. Ke2 Rd6 44. e5 Rd5 45. f4 Rg2+ 46. Kf3 Rxb2 47. Qg6+ Kh8 48. Qxh6+ Kg8 49. Qg6+ Kh8 50. e6 Rdd2 51. Qe8+ Kg7 52. Qf7+ Kh6 53. e7 Rd3+ 54. Ke4 Rd5 55. e8Q Re2+ 56. Kf3 Rxe8 57. Qxe8 Rd3+ 58. Ke4 Rd1 59. Qxc6+ Kh7 60. Kf5 Rg1 61. Qxb5 a6 62. Qd7+ Rg7 63. Qxg7+ 1-0